Пердето на бавачката Лъгтън (Запис номер 382697)
[ съкратено ]
| 000 -Лидер | |
|---|---|
| Контролно поле с фиксирана дължина | 01553nam a2200349 a 4500 |
| 003 - Код на организацията, давaща контролен номер | |
| Контролно поле | BLK |
| 005 - Дата и час на последна редакция | |
| Контролно поле | 20250405114742.0 |
| 008 - Елементи от данни с фиксирана дължина | |
| fixed length control field | 202008b bul|||||r ||||||| ||bul|| |
| 020 ## - Международен стандартен номер на книга ISBN | |
| Международен стандартен номер на книга ISBN | 9786197350494 |
| 040 ## - Източник на каталожния запис | |
| Идентификатор на билиотеката - собственик на записа | BLK |
| 041 ## - Код за език | |
| Код за езика на текст/звукозапис или на отделно заглавие | Български |
| Код за езика КДБФ | Български |
| 072 #7 - Код за тематичната категория | |
| Код организация | bullib |
| Код за тематична категория | Н85 |
| Текст | Детска художествена литература Н |
| 080 ## - УДК | |
| Текстов определител УДК | Английска литература |
| УДК код - определител по УДК | 821.111 |
| УДК определител | -93-34 |
| УДК - код + определител | 821.111-93-34 |
| 100 1# - Редна дума - Автор | |
| Автор | Улф, Вирджиния |
| Авторска отговорност | първи автор |
| R(LIN) | 367347 |
| 139 ## - Редно поле | |
| Редна дума | Улф, Вирджиния |
| Авторски знак | Улф - У 54 |
| 245 10 - Сведения за заглавието | |
| Заглавие | Пердето на бавачката Лъгтън |
| Редно поле (дума) | Вирджиния Улф; прев.Иглика Василева; ил. Свобода Цекова. |
| 257 ## - Страна на издаване | |
| Страна на създаване/издаване | Великобритания |
| 260 ## - Област на издателските данни | |
| Име на издателя, разпространителя и проч. | Лист |
| Година на издаване | 2019 |
| Място на издаване, разпространение и проч. | София |
| Печатница | Благоевград : Смилков |
| 300 ## - Физическа характеристика | |
| Размери/Мащаб | 21 см |
| Страници | 45 с. |
| Илюстрации и др. | с цв. ил. |
| 380 ## - Жанр | |
| Жанр | Детска худож. лит. |
| 490 ## - СЕРИИ (Колекции) | |
| 9 (RLIN) | 209350 |
| Име на серия | Поредица Детски шедьоври от велики писатели |
| 500 ## - Общи забележки | |
| Забележка | Ориг. загл.: Nurse Lugton's curtain / Virginia Woolf. - Биогр. данни за авт. отбелязани на 2-ра кор. |
| 653 ## - Ключова дума – ненормативна | |
| Ключова дума | литература за деца |
| 653 ## - Ключова дума – ненормативна | |
| Ключова дума | детска литература |
| 659 ## - Тематичен бюлетин | |
| Тематичен бюлетин | Н |
| 700 ## - Други автори (авторска отговорност) | |
| 9 (RLIN) | 279681 |
| Лично име | Василева, Иглика Илиева |
| Автороска отговорност (Описва отношението между автора и произведението) | прев. от англ. |
| 700 ## - Други автори (авторска отговорност) | |
| 9 (RLIN) | 425629 |
| Лично име | Цекова, Свобода |
| Автороска отговорност (Описва отношението между автора и произведението) | ил. |
| 852 ## - Местоположение | |
| Форматна сигнатура | Цб 305926 |
| Фондова буква | Хранилище |
| 999 ## - СИСТЕМНИ КОНТРОЛНИ НОМЕРА | |
| Koha biblionumber | 382697 |
| Koha biblioitemnumber | 382697 |
| 942 ## - АРТИКУЛИ | |
| Вид на библиотечния материал | Книги |
| Скрит в OPAC | Не |
| Koha issues (borrowed), all copies | 8 |
| Периодичен библиозапис | Да |
| 944 ## - СЪЗДАВАНЕ И РЕДАКЦИЯ на ЗАПИСА | |
| Създаване/Редакция | Създаване |
| Дата на регистрацията/редакция | 2020-08-17 |
| Статус, дата на статуса | Грета Цуфелде |
| Служител, извършил регистрацията/редакцията | 30537 |
| 999 ## - СИСТЕМНИ КОНТРОЛНИ НОМЕРА | |
| Koha biblioitemnumber | 382697 |
| Код за отписване | Код за изгубен артикул | Източник на класификационната схема | Код за повреда | Коз за рестрикции | Код за отдаване | Артикулен № | Име на библиотеката - собственик | Име на библиотеката, в която се намира в момента | Статус (Текущо местоположение) | Дата на вписване в системата | Местоположение - отдел | Цена в лева | Систематично азбучна сигнатура | Баркод | Цена в евро | Служебен тип на артикула |
|---|---|---|---|---|---|---|---|---|---|---|---|---|---|---|---|---|
| Не е изгубен | Universal Decimal Classification | Не е повреден | без рестрикции | заемане за дома | 800032 | Регионална библиотека "Любен Каравелов" Русе | Регионална библиотека "Любен Каравелов" Русе | Детски отдел | 2020-09-18 | Детски отдел | 7.19 | 821-93/У 54 В | 120000847205 | 3.68 | Книги | |
| Не е изгубен | Universal Decimal Classification | Не е повреден | само за читалня | ползва се в читалня | 813437 | Регионална библиотека "Любен Каравелов" Русе | Регионална библиотека "Любен Каравелов" Русе | Хранилище | 2021-02-25 | Хранилище | 11.98 | Цб 305926 | 120000851028 | 6.13 | Книги |